<The> Advisers Scientists in the Policy Process
Na minha lista:
| Autor principal: | |
|---|---|
| Formato: | Livro |
| Idioma: | inglês |
| Publicado em: |
Washington
The Brookings Institution
1992
|
| Edição: | 1. ed. |
| Assuntos: | |
| Tags: |
Sem tags, seja o primeiro a adicionar uma tag!
|
MARC
| LEADER | 00000nam a2200000 4500 | ||
|---|---|---|---|
| 001 | c004951 | ||
| 005 | 20221206082910.5 | ||
| 020 | |a 0-8157-7989-5 | ||
| 041 | 0 | |a eng | |
| 044 | |a US | ||
| 245 | 1 | 0 | |a <The> Advisers |b Scientists in the Policy Process |c Bruce L.R. Smith |
| 250 | |a 1. ed. | ||
| 264 | 1 | |a Washington |b The Brookings Institution |c 1992 | |
| 300 | |a 238 s. | ||
| 610 | 2 | 0 | |a veda |
| 610 | 2 | 0 | |a politika |
| 610 | 2 | 0 | |a vláda |
| 610 | 2 | 0 | |a poradcovia |
| 610 | 2 | 0 | |a demokracia |
| 610 | 2 | 0 | |a USA |
| 100 | 1 | |a Smith, Bruce L.R. | |